Spin in particle physics

This book will be of value to graduate students and researchers in all areas of quantum physics, particularly in elementary particle and high energy physics. It is suitable as a supplementary text for graduate courses in theoretical and experimental particle physics.

Sparad:
Bibliografiska uppgifter
Huvudupphovsman: Leader, Elliot
Materialtyp: Bok
Språk:Undetermined
Publicerad: Cambridge UK Cambridge University Press 2001
Ämnen:
Taggar: Lägg till en tagg
Inga taggar, Lägg till första taggen!
Thư viện lưu trữ: Trung tâm Học liệu Trường Đại học Cần Thơ
LEADER 00809nam a2200205Ia 4500
001 CTU_167550
008 210402s9999 xx 000 0 und d
020 |c 248 
082 |a 539.725 
082 |b L434 
100 |a Leader, Elliot 
245 0 |a Spin in particle physics 
245 0 |c Elliot Leader 
260 |a Cambridge UK 
260 |b Cambridge University Press 
260 |c 2001 
520 |a This book will be of value to graduate students and researchers in all areas of quantum physics, particularly in elementary particle and high energy physics. It is suitable as a supplementary text for graduate courses in theoretical and experimental particle physics. 
650 |a Nuclear spin,Spin hạt nhân 
904 |i Trọng Hiếu 
980 |a Trung tâm Học liệu Trường Đại học Cần Thơ